Better Business English/ (Record no. 204454)

MARC details
000 -LEADER
fixed length control field 00583nam a22001817a 4500
005 - DATE AND TIME OF LATEST TRANSACTION
control field 20240725161604.0
010 ## - LCCN (DPL NO)
LC control number ENG-140958
020 ## - INTERNATIONAL STANDARD BOOK NUMBER
Terms of availability 695.00
035 ## - SYSTEM CONTROL NUMBER
System control number EN-124310
037 ## - SOURCE OF ACQUISITION
Source of stock number/acquisition DBAD
082 ## - DEWEY DECIMAL CLASSIFICATION NUMBER
Classification number 142.00
100 ## - MAIN ENTRY--PERSONAL NAME
Personal name RALPHH. HENDERSON
245 ## - TITLE STATEMENT
Title Better Business English/
Statement of responsibility, etc John M. Manly [and] John A. Powell
260 ## - PUBLICATION, DISTRIBUTION, ETC. (IMPRINT)
Place of publication, distribution, etc New Delhi
Name of publisher, distributor, etc The Readers Paradise
Date of publication, distribution, etc 2022
270 ## - ADDRESS
City New Delhi
Address 103, 4787/23, Ansari Road, Daryaganj, New Delhi
Postal code 110002
Electronic mail address thereadersparadisesales@gmail.com
300 ## - PHYSICAL DESCRIPTION
Extent 155p.
Dimensions 25cm(hb)
942 ## - ADDED ENTRY ELEMENTS (KOHA)
Source of classification or shelving scheme Dewey Decimal Classification
Item type English Books
Classification part 480
Call number suffix nly

No items available.


© Delhi Public Library
Hit Counter
free hit counter